| 000 | 01075nam a22003377a 4500 | ||
|---|---|---|---|
| 003 | CHAP | ||
| 005 | 20220817042847.0 | ||
| 008 | 971013s1983 r 00010 d | ||
| 010 | _a58002 | ||
| 011 | _a58974 | ||
| 035 | _a63131 | ||
| 040 | _cCHAP | ||
| 082 |
_a630.83 _bF3Y v.51 |
||
| 110 | _aFAO | ||
| 245 | _aEstudio sobre el consumo mundial de fibras para prendas de vestir 1983 | ||
| 260 |
_aRoma : _bFAO, _c1983 |
||
| 300 |
_a149 p. _b: gráfs. |
||
| 490 |
_aFAO. Estadística _v; 51 |
||
| 590 |
_aBATCH-UPD _b10 _c20130110 _lUCH01 _h0206 |
||
| 590 |
_aBATCH-UPD _b10 _c20130110 _lUCH01 _h1933 |
||
| 590 |
_aBATCH-UPD _b10 _c20130410 _lUCH01 _h1257 |
||
| 590 |
_aBATCH-UPD _b10 _c20130914 _lUCH01 _h1406 |
||
| 590 |
_aCONVERSION _b10 _c20130109 _lUCH01 _h1331 |
||
| 650 | 1 | 4 |
_aFibras textiles. _940700 |
| 650 | 1 | 4 |
_aFibras _xConsumo. _940696 |
| 830 | 0 |
_aFAO. Estadística _v; 51 _939539 |
|
| 901 | _aBK | ||
| 942 | _cLIBRO | ||
| 949 |
_a630.83 F3Y v.51 _bBC _cFAO _d-135448 _eFAO1 _h62108 _i63131 _si |
||
| 949 |
_a630.83 F3Y v.51 _bBC _cFAO _d-135449 _eFAO2 _fc.2 _h62142 _i63131 _si |
||
| 999 |
_c58002 _d58002 |
||